| 000 | 01683nam a2200361Ia 4500 | ||
|---|---|---|---|
| 001 | ebr10188208 | ||
| 003 | CaPaEBR | ||
| 006 | m u | ||
| 007 | cr cn||||||||| | ||
| 008 | 070517s2007 ne a sb 001 0 eng d | ||
| 020 | _z9780123736710 | ||
| 020 | _z0123736714 | ||
| 040 |
_aCaPaEBR _cCaPaEBR |
||
| 035 | _a(OCoLC)173523881 | ||
| 050 | 1 | 4 |
_aQL639.1 _b.F58 2007eb |
| 245 | 0 | 0 |
_aPrimitive fishes _h[electronic resource] / _cedited by David J. McKenzie, Anthony P. Farrell, Colin J. Brauner. |
| 260 |
_aAmsterdam ; _aBoston : _bAcademic Press, _cc2007. |
||
| 300 |
_axiii, 562 p. : _bill. (some col.). |
||
| 490 | 1 |
_aFish physiology ; _vv. 26 |
|
| 500 | _a"The primitive fishes that this book focuses on inlcude the jawless agnathans (hagfishes and lampreys), the lobe-finned sarcopterygians (coelacanth and lungfishes), and the primitive ray-finned actinopterygian fishes (the sturgeons, the bichirs and the ropefish, the gars, and the bowfin)"--Pref. | ||
| 504 | _aIncludes bibliographical references and index. | ||
| 533 |
_aElectronic reproduction. _bPalo Alto, Calif. : _cebrary, _d2009. _nAvailable via World Wide Web. _nAccess may be limited to ebrary affiliated libraries. |
||
| 650 | 0 |
_aFishes _xPhysiology. |
|
| 650 | 0 |
_aFishes _xEvolution. |
|
| 650 | 0 | _aLiving fossils. | |
| 655 | 7 |
_aElectronic books. _2local |
|
| 700 | 1 |
_aMcKenzie, David J. _q(David John), _d1962- |
|
| 700 | 1 |
_aFarrell, Anthony Peter, _d1952- |
|
| 700 | 1 | _aBrauner, Colin J. | |
| 710 | 2 | _aebrary, Inc. | |
| 830 | 0 |
_aFish physiology ; _vv. 26. |
|
| 856 | 4 | 0 |
_uhttp://site.ebrary.com/lib/rucke/Doc?id=10188208 _zAn electronic book accessible through the World Wide Web; click to view |
| 999 |
_c148478 _d148478 |
||